Find the 'L' Countries Quiz Stats

 Plays Quiz Updated Jul 2, 2018

Challenge
Share
Tweet
Score 0/9 Timer 03:00
13 Plays Today
% Correct
Latvia
84%
Lithuania
83.2%
Laos
79.4%
Libya
76.6%
Liechtenstein
74.1%
Luxembourg
70.7%
Lesotho
70%
Liberia
65.6%
Lebanon
55.1%

You're not logged in!

Compare scores with friends on all Sporcle quizzes.
Join for Free
OR
Log In

You Might Also Like...

Show Comments

Extras

Top Quizzes Today


Score Distribution

Your Account Isn't Verified!

In order to create a playlist on Sporcle, you need to verify the email address you used during registration. Go to your Sporcle Settings to finish the process.

Report this User

Report this user for behavior that violates our Community Guidelines.

Details: